[Event "31. DSenEM2019 Gruppe 65+"]
[Site "Radebeul"]
[Date "2019.05.01"]
[Round "6.1"]
[White "Ackermann, Hans Werner"]
[Black "Rotstein, Jefim"]
[Result "0-1"]
[BlackElo "2326"]
[BlackTeam "SC Tornado Hochneukirch"]
[EventDate "2019.??.??"]
[PlyCount "70"]
[WhiteElo "2237"]
[WhiteTeam "SC Hansa Dortmund"]

1. Nf3 c5 2. c4 Nc6 3. Nc3 e5 4. g3 f5 5. d3 Nf6 6. Bg2 d6 7. a3 Be7 8. Rb1 a5
9. e3 O-O 10. h4 Kh8 11. d4 e4 12. Ng5 Ng4 13. Nh3 Bf6 14. Nb5 Qb6 15. dxc5
dxc5 16. O-O Be6 17. b3 Rad8 18. Qe2 Nce5 19. Nf4 Bf7 20. a4 Nd3 21. Ba3 Rfe8
22. Nxd3 exd3 23. Qf3 Rd7 24. Qxf5 Ne5 25. h5 d2 26. Rfd1 Be6 27. Qc2 Red8 28.
f3 Rd3 29. Bb2 Rxe3 30. Rf1 Rdd3 31. Bxe5 Bxe5 32. Rbd1 Qd8 33. Rf2 Re1+ 34.
Bf1 Bh3 35. Rdxd2 Rxf1+  0-1

[Event "31. DSenEM2019 Gruppe 65+"]
[Site "Radebeul"]
[Date "2019.05.01"]
[Round "6.2"]
[White "Juhnke, Juergen"]
[Black "Khanukov, Boris"]
[Result "1-0"]
[BlackElo "2250"]
[BlackTeam "Bahn-SC Wuppertal"]
[EventDate "2019.??.??"]
[PlyCount "177"]
[WhiteElo "2230"]
[WhiteTeam "HSK Lister Turm"]

1. e4 g6 2. d4 Bg7 3. Nc3 c6 4. Bc4 d6 5. Qf3 e6 6. Nge2 d5 7. Bb3 h6 8. Bf4 Nf6
9. e5 Ng8 10. Nd1 Na6 11. Ne3 Bd7 12. c4 Ne7 13. O-O g5 14. Bg3 h5 15. h3 Ng6
16. cxd5 cxd5 17. Nxd5 Bc6 18. Nf6+ Bxf6 19. Qxf6 Qxf6 20. exf6 Nb4 21. Nc3 Rd8
22. Rad1 Nf4 23. Bxf4 gxf4 24. Rfe1 Kf8 25. a3 Nd5 26. Bxd5 exd5 27. Re5 Rh6
28. Rf5 Rd6 29. Rxf4 Rhxf6 30. Rxf6 Rxf6 31. g3 a5 32. Re1 h4 33. g4 Rf4 34.
Rd1 b5 35. Kg2 Ke7 36. f3 Kd6 37. b4 a4 38. Kf2 Bd7 39. Ne2 Rf6 40. Rc1 Rh6 41.
Rc5 f5 42. Nc3 fxg4 43. Rxd5+ Kc6 44. Rc5+ Kb7 45. fxg4 Rf6+ 46. Ke3 Rf1 47.
Ne4 Rh1 48. Ng5 Rg1 49. Ne4 Rh1 50. Nf2 Rg1 51. Rc3 Rg3+ 52. Kd2 Bc6 53. Re3
Rg2 54. Ke2 Rg1 55. Ne4 Rg2+ 56. Kf3 Rd2 57. Kf4 Rxd4 58. Ke5 Rd5+ 59. Kf6 Rd4
60. Nc5+ Kc8 61. Kg5 Rd1 62. Kxh4 Ra1 63. Rd3 Be8 64. Kg5 Bf7 65. Kf6 Rf1+ 66.
Ke7 Bc4 67. Rc3 Kc7 68. Nxa4 Kc6 69. Nb2 Kd5 70. Nxc4 bxc4 71. g5 Kd4 72. Rg3
c3 73. Rxc3 Kxc3 74. g6 Re1+ 75. Kf6 Rf1+ 76. Ke7 Re1+ 77. Kf7 Rf1+ 78. Kg8 Kd4
79. g7 Rh1 80. Kf7 Rf1+ 81. Kg6 Rg1+ 82. Kh7 Rh1 83. g8=Q Rxh3+ 84. Kg7 Rxa3
85. Qc8 Rg3+ 86. Kf6 Rf3+ 87. Ke6 Re3+ 88. Kd6 Re5 89. Qc5+  1-0

[Event "31. DSenEM2019 Gruppe 65+"]
[Site "Radebeul"]
[Date "2019.05.01"]
[Round "6.3"]
[White "Dresen, Ulrich"]
[Black "Hülsmann, Josef"]
[Result "1-0"]
[BlackElo "2215"]
[BlackTeam "Langenfelder SF"]
[EventDate "2019.??.??"]
[PlyCount "79"]
[WhiteElo "2228"]
[WhiteTeam "SF Gerresheim"]

1. d4 e6 2. Nf3 d5 3. Bf4 Nf6 4. e3 Be7 5. Nbd2 c5 6. c3 O-O 7. Bd3 b6 8. Ne5
Nfd7 9. Qh5 f5 10. h4 Nf6 11. Qe2 Ne4 12. Ndf3 c4 13. Bc2 b5 14. a3 a5 15. Ng5
Qe8 16. Nxe4 fxe4 17. Qg4 Ra6 18. f3 Nd7 19. fxe4 Nf6 20. Qe2 dxe4 21. h5 Bb7
22. g3 Bd5 23. Ng4 Nxg4 24. Qxg4 Bf6 25. O-O Qe7 26. h6 g6 27. Rf2 Raa8 28.
Raf1 b4 29. axb4 axb4 30. Bd6 Qxd6 31. Rxf6 Rxf6 32. Rxf6 Ra1+ 33. Kh2 Qe7 34.
Qf4 e5 35. dxe5 bxc3 36. e6 Ra8 37. bxc3 Bxe6 38. Bxe4 Ra2+ 39. Bg2 Qb7 40.
Rf8#  1-0

[Event "31. DSenEM2019 Gruppe 65+"]
[Site "Radebeul"]
[Date "2019.05.01"]
[Round "6.4"]
[White "Kiefer, Gerhard"]
[Black "Szenetra, Werner"]
[Result "1-0"]
[BlackElo "2177"]
[BlackTeam "SV Berenbostel"]
[EventDate "2019.??.??"]
[PlyCount "135"]
[WhiteElo "2279"]
[WhiteTeam "SC Emmendingen"]

1. e4 d6 2. d4 g6 3. Nc3 Bg7 4. f4 a6 5. Nf3 b5 6. Bd3 Nd7 7. e5 Nh6 8. a4 b4 9.
Ne4 O-O 10. Qe2 Nb6 11. O-O a5 12. h3 Nd5 13. Neg5 c5 14. e6 f6 15. Nxh7 Kxh7
16. Qe4 f5 17. Qxd5 Ra7 18. dxc5 Bb7 19. Qc4 Ba6 20. Qb3 Bxd3 21. Qxd3 dxc5 22.
Ng5+ Kg8 23. Rd1 Qxd3 24. Rxd3 Rc7 25. Rb1 Bf6 26. Be3 Kg7 27. Rd5 Rfc8 28. b3
Ng8 29. Rbd1 Bc3 30. Rd7 Nf6 31. Rxc7 Rxc7 32. Kf2 Rc6 33. Rd7 Ng8 34. Ra7 Bd4
35. Rxa5 Bxe3+ 36. Kxe3 c4 37. Rd5 cxb3 38. cxb3 Nf6 39. Rd4 Rc3+ 40. Rd3 Rc1
41. Kd2 Rg1 42. Rd4 Rxg2+ 43. Kd3 Nh5 44. Rxb4 Rg3+ 45. Kc2 Rg2+ 46. Kc3 Rf2
47. a5 Nxf4 48. Ra4 Nd5+ 49. Kd4 Nc7 50. Kc5 Rc2+ 51. Kb6 Kf6 52. h4 Nd5+ 53.
Kb7 Rc7+ 54. Kb8 Rc5 55. Ra3 Rb5+ 56. Kc8 Ke5 57. a6 Kd6 58. a7 Nb6+ 59. Kd8
Na8 60. Ra6+ Rb6 61. Rxb6+ Nxb6 62. b4 f4 63. b5 Na8 64. Kc8 Kc5 65. Kb7 Nb6
66. a8=Q Nxa8 67. Kxa8 Kxb5 68. Kb7  1-0

[Event "31. DSenEM2019 Gruppe 65+"]
[Site "Radebeul"]
[Date "2019.05.01"]
[Round "6.5"]
[White "Lutz, Albert"]
[Black "Hess, Christian Mathias"]
[Result "1/2-1/2"]
[BlackElo "2246"]
[BlackTeam "FC ST.Pauli"]
[EventDate "2019.??.??"]
[PlyCount "97"]
[WhiteElo "2138"]
[WhiteTeam "SK Krumbach"]

1. Nf3 c5 2. c4 Nc6 3. Nc3 Nf6 4. d4 cxd4 5. Nxd4 e6 6. e3 Bb4 7. Qb3 Bc5 8. Nf3
O-O 9. Be2 b6 10. O-O Bb7 11. Rd1 Qe7 12. a3 Rac8 13. Na4 Bd6 14. Qd3 Bb8 15.
b4 d5 16. cxd5 Rfd8 17. Qb3 Rxd5 18. Rxd5 Nxd5 19. Bb2 Nd8 20. Rd1 h6 21. Rd2
f6 22. h3 Nf7 23. Nc3 Nxc3 24. Bxc3 Bd5 25. Qb2 Nd6 26. Rd4 Qc7 27. Be1 Nf5 28.
Rd3 Nh4 29. Rc3 Nxf3+ 30. Kf1 Nh2+ 31. Kg1 Qb7 32. Rxc8+ Qxc8 33. f4 e5 34. Qd2
Qe6 35. Kxh2 exf4 36. exf4 Qe4 37. Bf3 Qxf4+ 38. Qxf4 Bxf4+ 39. g3 Bxf3 40.
gxf4 Kf7 41. a4 Ke6 42. a5 Kf5 43. Kg3 Bc6 44. h4 bxa5 45. bxa5 a6 46. Bb4 g5
47. fxg5 hxg5 48. hxg5 Kxg5 49. Bd6  1/2-1/2

[Event "31. DSenEM2019 Gruppe 65+"]
[Site "Radebeul"]
[Date "2019.05.01"]
[Round "6.6"]
[White "Schumacher, Gottfried"]
[Black "Syré, Christian"]
[Result "0-1"]
[BlackElo "2210"]
[BlackTeam "TSG Oberschöneweide"]
[EventDate "2019.??.??"]
[PlyCount "96"]
[WhiteElo "2202"]
[WhiteTeam "HTC Bad Neuenahr"]

1. Nf3 Nf6 2. d4 d6 3. c4 Nbd7 4. Nc3 g6 5. Bg5 Bg7 6. Qd2 h6 7. Bf4 g5 8. Bg3
Nh5 9. e3 e6 10. Bd3 O-O 11. Bc2 f5 12. O-O-O a6 13. Qe2 Qe8 14. Ne1 Ndf6 15.
f3 Nxg3 16. hxg3 e5 17. Qd3 Bd7 18. g4 e4 19. Qd2 exf3 20. gxf5 f2 21. Nf3 Ng4
22. e4 Rd8 23. Nxg5 hxg5 24. Qxg5 Bxf5 25. Nd5 Bd7 26. e5 Rf7 27. Qg6 Kf8 28.
Nxc7 Qe7 29. e6 Rf6 30. Qxg4 Bxe6 31. Nxe6+ Rxe6 32. Bb3 Rf6 33. c5 Qe3+ 34.
Kb1 dxc5 35. Qh5 cxd4 36. Qc5+ Qe7 37. Qc4 Qe4+ 38. Ka1 Qxg2 39. Rh5 f1=Q 40.
Qg8+ Ke7 41. Re5+ Kd7 42. Rd5+ Qxd5 43. Qxd5+ Kc8 44. Qe5 Rd7 45. a4 Qf4 46.
Qe8+ Kc7 47. Be6 Rxe6 48. Qxe6 d3  0-1

[Event "31. DSenEM2019 Gruppe 65+"]
[Site "Radebeul"]
[Date "2019.05.01"]
[Round "6.7"]
[White "Schmidt, Bodo"]
[Black "Schmidt, Gerhard"]
[Result "1-0"]
[BlackElo "2172"]
[BlackTeam "SC Unterhaching"]
[EventDate "2019.??.??"]
[PlyCount "95"]
[WhiteElo "2313"]
[WhiteTeam "SC Siegburg"]

1. c4 e6 2. g3 d5 3. Bg2 Nf6 4. Nf3 Be7 5. O-O c6 6. b3 Nbd7 7. Bb2 O-O 8. d3 b6
9. e4 Bb7 10. e5 Ne8 11. cxd5 cxd5 12. d4 b5 13. Nc3 Nc7 14. Qd2 a5 15. a4 Bb4
16. Qe3 bxa4 17. Nxa4 Bc6 18. Rfc1 Bxa4 19. Rxa4 Nb6 20. Raa1 Qd7 21. Bf1 Rfb8
22. Ba3 Nb5 23. Bxb4 axb4 24. Qd3 Nc3 25. Ng5 g6 26. h4 h6 27. Nh3 Nc8 28. Qe3
Kg7 29. Qf4 Qe7 30. f3 Na7 31. Nf2 h5 32. Ra6 Nab5 33. Rca1 Rxa6 34. Rxa6 Kh7
35. Nh3 Kg7 36. Ng5 Rb7 37. g4 Nc7 38. Ra1 N7b5 39. gxh5 gxh5 40. Kh2 Ra7 41.
Rxa7 Nxa7 42. Qg3 Kh8 43. f4 Nc6 44. Qf3 Qa7 45. Qxh5+ Kg8 46. Nh7 Ne7 47. Nf6+
Kg7 48. Qh7+  1-0

[Event "31. DSenEM2019 Gruppe 65+"]
[Site "Radebeul"]
[Date "2019.05.01"]
[Round "6.9"]
[White "Postler, Reinhard"]
[Black "Knaak, Joachim"]
[Result "0-1"]
[BlackElo "2139"]
[BlackTeam "SV Dresden-Leuben"]
[EventDate "2019.??.??"]
[PlyCount "120"]
[WhiteElo "2247"]
[WhiteTeam "TSG Oberschöneweide"]

1. e4 c5 2. Nf3 d6 3. d4 cxd4 4. Nxd4 Nf6 5. Nc3 g6 6. Be3 Bg7 7. f3 O-O 8. Bc4
Nc6 9. Qd2 Qa5 10. Bb3 Nxd4 11. Bxd4 Be6 12. O-O-O b5 13. Kb1 Rfc8 14. Nd5 Qxd2
15. Rxd2 Bxd5 16. Bxd5 Nxd5 17. Bxg7 Kxg7 18. Rxd5 a6 19. Rhd1 Rc4 20. c3 Rac8
21. Kc2 Kf6 22. R5d4 R4c5 23. a4 Rh5 24. axb5 axb5 25. h3 Ke5 26. R1d2 Kf4 27.
Kd3 Rhc5 28. Re2 Re5 29. Rd5 h5 30. Rxe5 Kxe5 31. Ke3 g5 32. g3 b4 33. f4+
gxf4+ 34. gxf4+ Ke6 35. cxb4 Rc4 36. Kd3 Rxb4 37. Kc3 Rb7 38. b4 f5 39. e5 d5
40. Rg2 Rc7+ 41. Kb3 Rc4 42. Rg6+ Kd7 43. b5 Kc7 44. Re6 Rxf4 45. Rxe7+ Kb6 46.
Rd7 Kxb5 47. Rxd5+ Kc6 48. Rd8 Re4 49. Kc3 Rxe5 50. Rh8 Kd5 51. Rxh5 Ke4 52. h4
Rd5 53. Rh8 f4 54. h5 f3 55. Re8+ Kf4 56. Rf8+ Ke3 57. Re8+ Kf2 58. h6 Rh5 59.
Re6 Kg1 60. Kd2 Rh2+  0-1

[Event "31. DSenEM2019 Gruppe 65+"]
[Site "Radebeul"]
[Date "2019.05.01"]
[Round "6.10"]
[White "Kierzek, Matthias"]
[Black "Goldberg, Valerij"]
[Result "1-0"]
[BlackElo "2117"]
[BlackTeam "SV Lok Dresden"]
[EventDate "2019.??.??"]
[PlyCount "113"]
[WhiteElo "2196"]
[WhiteTeam "SC Fulda"]

1. d4 Nf6 2. c4 c5 3. d5 e6 4. Nc3 exd5 5. cxd5 d6 6. Nf3 g6 7. Bf4 Bg7 8. Qa4+
Bd7 9. Qb3 b5 10. Bxd6 Qb6 11. Be5 O-O 12. e3 b4 13. Nb1 Bf5 14. Nbd2 Nbd7 15.
Nc4 Qd8 16. Rd1 Be4 17. Bd6 Re8 18. Be2 Bxd5 19. O-O a5 20. a4 Rc8 21. Bg3 Rc6
22. Nfe5 Rce6 23. Nxd7 Qxd7 24. Bf3 Bxc4 25. Qxc4 Qe7 26. Qb5 Ne4 27. Rd7 Qf6
28. Bxe4 Rxe4 29. Rfd1 Qxb2 30. Qxc5 Qa2 31. Qxa5 b3 32. Qd5 R4e6 33. Rb7 Qxa4
34. Qxb3 Qxb3 35. Rxb3 Be5 36. Bxe5 Rxe5 37. Rb7 R5e7 38. Rdd7 Rxd7 39. Rxd7
Kg7 40. g4 Re4 41. h3 Re5 42. Rd3 h6 43. f4 Re7 44. Kf2 Ra7 45. e4 Rb7 46. Ke3
Re7 47. Rd6 Ra7 48. e5 Rb7 49. f5 gxf5 50. gxf5 Ra7 51. h4 Rb7 52. h5 Ra7 53.
f6+ Kg8 54. Ke4 Ra5 55. Rd8+ Kh7 56. e6 Re5+ 57. Kxe5  1-0

[Event "31. DSenEM2019 Gruppe 65+"]
[Site "Radebeul"]
[Date "2019.05.01"]
[Round "6.12"]
[White "Rahls, Peter"]
[Black "Esswein, Karlheinz"]
[Result "1/2-1/2"]
[BlackElo "2077"]
[BlackTeam "SK Ludwigshafen"]
[EventDate "2019.??.??"]
[PlyCount "109"]
[WhiteElo "2193"]
[WhiteTeam "SK Zehlendorf"]

1. e4 c5 2. c3 Nf6 3. e5 Nd5 4. d4 cxd4 5. cxd4 e6 6. Nf3 d6 7. Bc4 Nb6 8. Bd3
dxe5 9. dxe5 Be7 10. O-O Bd7 11. Nc3 Bc6 12. Qe2 N8d7 13. Rd1 Rc8 14. Nd4 Bd5
15. Nxd5 Nxd5 16. Nf3 O-O 17. h4 Nc5 18. Bb1 a5 19. Be3 Rc7 20. h5 g6 21. Bc2
Rd7 22. Bxc5 Bxc5 23. Ba4 Rc7 24. Qe4 Qe7 25. Bb3 Nb4 26. a3 Nc6 27. Ba4 Rd8
28. Bxc6 Rxc6 29. Qf4 Rcc8 30. Ng5 Qf8 31. hxg6 hxg6 32. Rxd8 Rxd8 33. Qh4 Qg7
34. Nxe6 g5 35. Nxg5 Be7 36. f4 Rd2 37. Rc1 Qg6 38. Qe1 Qd3 39. Nf3 Rxb2 40.
Qg3+ Qg6 41. Qxg6+ fxg6 42. Rc8+ Kf7 43. Rc7 Ke8 44. e6 Bxa3 45. Nh4 Bd6 46.
Rg7 Re2 47. Nxg6 Rxe6 48. f5 Bc5+ 49. Kh2 Ra6 50. Rxb7 a4 51. f6 Rxf6 52. Rb8+
Kd7 53. Ne5+ Kc7 54. Ra8 Bd6 55. Rxa4  1/2-1/2

[Event "31. DSenEM2019 Gruppe 65+"]
[Site "Radebeul"]
[Date "2019.05.01"]
[Round "6.13"]
[White "Kreutzkamp, Hans-Rudolf"]
[Black "Baum, Bernd"]
[Result "1/2-1/2"]
[Annotator "lenovo"]
[BlackElo "2183"]
[BlackTeam "SC Fulda"]
[EventDate "2019.??.??"]
[PlyCount "65"]
[WhiteElo "2068"]
[WhiteTeam "SK Union Eimsbuettel"]

1. e4 e6 2. d4 d5 3. exd5 exd5 4. Bd3 c5 5. dxc5 Bxc5 6. Ne2 Nc6 7. O-O Nge7 8.
Ng3 Be6 9. Nd2 O-O 10. Nf3 f6 11. Re1 Qd7 12. c3 Bf7 13. Be3 b6 14. Qc2 Bg6 15.
Rad1 Rac8 16. Bxg6 hxg6 17. Bd4 Rfe8 18. Re2 Bd6 19. Nf1 g5 20. Ne3 Bf4 21.
Red2 Qe6 22. g3 g4 23. Nh4 Nxd4 24. Rxd4 Bxe3 25. fxe3 Qxe3+ 26. Qf2 Qxf2+ 27.
Kxf2 f5 28. Ng2 Rc5 29. Nf4 Kf7 30. Nxd5 Nxd5 31. Rxd5 Rxd5 32. Rxd5 Ke6 33.
Rd2 { (  =  )}   1/2-1/2

[Event "31. DSenEM2019 Gruppe 65+"]
[Site "Radebeul"]
[Date "2019.05.01"]
[Round "6.14"]
[White "Schulz, Michael"]
[Black "Dekan, Hans"]
[Result "0-1"]
[BlackElo "2102"]
[BlackTeam "SC Eppingen"]
[EventDate "2019.??.??"]
[PlyCount "69"]
[WhiteElo "2183"]
[WhiteTeam "SC Zitadelle Spandau"]

1. d4 d5 2. Bf4 Nf6 3. e3 Bf5 4. Nc3 c6 5. Bd3 Bg6 6. Nf3 e6 7. Ne5 Bxd3 8. Qxd3
Nbd7 9. O-O Nh5 10. Nxd7 Nxf4 11. exf4 Qxd7 12. Rfe1 O-O-O 13. Re3 Bd6 14. Ne2
h5 15. c4 dxc4 16. Qxc4 Qc7 17. g3 h4 18. b4 hxg3 19. hxg3 Rh5 20. a4 Rdh8 21.
Kg2 g5 22. fxg5 Rxg5 23. Rh1 Rxh1 24. Kxh1 a5 25. bxa5 Qxa5 26. Rf3 Rg7 27. Kg2
Rh7 28. Qd3 Qh5 29. Ng1 Qh1+ 30. Kf1 Rh2 31. Rxf7 Rg2 32. Qb3 Rxg1+ 33. Ke2
Qe4+ 34. Qe3 Qxe3+ 35. fxe3  0-1

[Event "31. DSenEM2019 Gruppe 65+"]
[Site "Radebeul"]
[Date "2019.05.01"]
[Round "6.15"]
[White "Braun, Gottfried"]
[Black "Hanisch, Friedrich"]
[Result "1/2-1/2"]
[BlackElo "2095"]
[BlackTeam "SV Altensittenbach"]
[EventDate "2019.??.??"]
[PlyCount "41"]
[WhiteElo "2181"]
[WhiteTeam "SG Leipzig"]

1. e4 c6 2. Nf3 d5 3. exd5 cxd5 4. c4 Nf6 5. cxd5 Nxd5 6. Nc3 e6 7. Bb5+ Bd7 8.
Bxd7+ Nxd7 9. Nxd5 exd5 10. O-O Be7 11. d4 O-O 12. Qb3 Nb6 13. a4 a5 14. Bf4
Bb4 15. Ne5 Rc8 16. Rfc1 Qf6 17. Be3 Qe6 18. h3 Nc4 19. Nxc4 dxc4 20. Qd1 Qd5
21. Rc2  1/2-1/2

[Event "31. DSenEM2019 Gruppe 65+"]
[Site "Radebeul"]
[Date "2019.05.01"]
[Round "6.16"]
[White "Rosen, Willy"]
[Black "Selig, Rainer"]
[Result "1/2-1/2"]
[BlackElo "2048"]
[BlackTeam "SpV Ebersbach/SA"]
[EventDate "2019.??.??"]
[PlyCount "46"]
[WhiteElo "2178"]
[WhiteTeam "SF Essen-Katernberg"]

1. e4 c6 2. d4 d5 3. exd5 cxd5 4. Bd3 Nc6 5. c3 Nf6 6. Bf4 e6 7. Nf3 Be7 8. Nbd2
h6 9. O-O O-O 10. Ne5 Nxe5 11. dxe5 Nd7 12. Qe2 b6 13. Rae1 Nc5 14. b4 Nxd3 15.
Qxd3 Bg5 16. Bxg5 Qxg5 17. f4 Qf5 18. Qxf5 exf5 19. a4 Bd7 20. Ra1 Rfc8 21. Ra3
Rc7 22. Nf3 Rac8 23. Rd1 Rxc3  1/2-1/2

[Event "31. DSenEM2019 Gruppe 65+"]
[Site "Radebeul"]
[Date "2019.05.01"]
[Round "6.17"]
[White "Kannenberg, Karl-Heinz"]
[Black "Türtmann, Dieter"]
[Result "1-0"]
[BlackElo "1947"]
[BlackTeam "ESV Eberswalde"]
[EventDate "2019.??.??"]
[PlyCount "93"]
[WhiteElo "2169"]
[WhiteTeam "SC Kitzingen"]

1. d4 Nf6 2. c4 e6 3. Nc3 b6 4. Bg5 Be7 5. e3 Bb7 6. Qc2 d6 7. Nf3 Nbd7 8. Be2
a6 9. O-O O-O 10. b4 Re8 11. Rfd1 h6 12. Bh4 Ra7 13. a4 a5 14. Nb5 Ra8 15. bxa5
Rxa5 16. Nd2 c6 17. Nc3 Qa8 18. Nb3 Ra7 19. a5 bxa5 20. Ra2 a4 21. Nd2 e5 22.
Rda1 a3 23. Qc1 exd4 24. exd4 d5 25. c5 Ne4 26. Ndxe4 dxe4 27. Bxe7 Rxe7 28.
Rxa3 Rxa3 29. Rxa3 Qb8 30. Nd1 Nf6 31. Ne3 Qd8 32. Qb2 Qc8 33. Nc4 Qe6 34. Nd6
Bc8 35. Qb8 Rd7 36. Qxc8+ Kh7 37. Qxc6 h5 38. h3 h4 39. Bc4 Qe7 40. Nf5 Qf8 41.
Ra8 Rd8 42. Rxd8 Qxd8 43. d5 Qa5 44. Ne3 Qa1+ 45. Bf1 g6 46. Qd6 Kg7 47. c6 
1-0

[Event "31. DSenEM2019 Gruppe 65+"]
[Site "Radebeul"]
[Date "2019.05.01"]
[Round "6.19"]
[White "Just, Gabriele"]
[Black "Beilfuss, Wilfried"]
[Result "1/2-1/2"]
[Annotator "lenovo"]
[BlackElo "2148"]
[EventDate "2019.??.??"]
[PlyCount "113"]
[WhiteElo "1855"]
[WhiteTeam "SG Leipzig"]

1. d4 Nf6 2. Nf3 e6 3. Bg5 h6 4. Bxf6 Qxf6 5. e3 b6 6. Nbd2 Bb7 7. Bd3 g6 8. O-O
Bg7 9. c3 O-O 10. Re1 d6 11. e4 Qe7 12. e5 Nd7 13. Nc4 Rfd8 14. exd6 cxd6 15.
a4 Nf6 16. Qe2 Qc7 17. Ne3 Nh5 18. g3 e5 19. dxe5 Qc6 20. Kg2 dxe5 21. Bb5 Qc5
22. Rac1 e4 23. Nh4 Qg5 24. Qg4 Rd2 25. Bc4 Kf8 26. Re2 Rad8 27. Rce1 Nf6 28.
Qf4 Qxf4 29. gxf4 Nh5 30. Rxd2 Rxd2 31. f5 Bf6 32. Kh3 g5 33. Nhg2 Rxf2 34. Be2
Nf4+ 35. Nxf4 Rxf4 36. Rd1 Ke7 37. Kg2 Be5 38. h3 f6 39. Bb5 Bd6 40. Be2 Bc6
41. b4 Rh4 42. Nd5+ Bxd5 43. Rxd5 Rf4 44. a5 e3 45. Bf3 Rc4 46. Rd3 Bf4 47.
axb6 axb6 48. Be2 Rc7 49. Kf3 Ra7 50. Rd5 Rd7 51. Ke4 Rd6 52. c4 Rxd5 53. Kxd5
Kd7 54. c5 bxc5 55. bxc5 Kc7 56. Bf3 Be5 57. Ke6  1/2-1/2

[Event "31. DSenEM2019 Gruppe 65+"]
[Site "Radebeul"]
[Date "2019.05.01"]
[Round "6.20"]
[White "Schmidt, Jörg"]
[Black "Herbrechtsmeier, Christof"]
[Result "1/2-1/2"]
[BlackElo "2204"]
[BlackTeam "SC Emmendingen"]
[EventDate "2019.??.??"]
[PlyCount "33"]
[WhiteElo "2016"]
[WhiteTeam "Aufbau Bernburg"]

1. e4 g6 2. d4 Bg7 3. Nc3 c5 4. Nf3 cxd4 5. Nxd4 Nc6 6. Be3 Nf6 7. Be2 O-O 8.
O-O d5 9. exd5 Nb4 10. Qd2 Nbxd5 11. Nxd5 Nxd5 12. Bh6 Bxh6 13. Qxh6 e5 14. Nf3
Qf6 15. Bc4 Nb6 16. Bb3 Bf5 17. Rfe1  1/2-1/2

[Event "31. DSenEM2019 Gruppe 65+"]
[Site "Radebeul"]
[Date "2019.05.01"]
[Round "6.21"]
[White "Zschunke, Werner"]
[Black "Hassenrück, Helmut"]
[Result "1-0"]
[BlackElo "2199"]
[BlackTeam "SG-Gladbeck"]
[EventDate "2019.??.??"]
[PlyCount "71"]
[WhiteElo "2002"]
[WhiteTeam "SK Schweinfurt"]

1. c4 Nf6 2. Nc3 e6 3. e4 d5 4. e5 Ne4 5. Nxe4 dxe4 6. Qg4 Na6 7. Qxe4 Bd7 8. a3
Bc6 9. Qc2 Qd4 10. Qc3 Bc5 11. Qxd4 Bxd4 12. Ne2 Bxe5 13. d4 Bf6 14. Be3 O-O
15. b4 Nb8 16. b5 Bd7 17. Nc3 a6 18. Be2 axb5 19. cxb5 c5 20. Ne4 Bxd4 21. Bxd4
cxd4 22. Nd6 Bc8 23. Bf3 Nd7 24. Nxc8 Raxc8 25. Bxb7 Rc5 26. a4 Re5+ 27. Kd1
Nc5 28. Bc6 d3 29. Re1 Rxe1+ 30. Kxe1 Rd8 31. a5 Nb3 32. Ra3 d2+ 33. Kd1 Rd3
34. a6 Rc3 35. Rxb3 Rxb3 36. a7  1-0

[Event "31. DSenEM2019 Gruppe 65+"]
[Site "Radebeul"]
[Date "2019.05.01"]
[Round "6.23"]
[White "Müller, Lutz"]
[Black "Falk, Thomas"]
[Result "1/2-1/2"]
[BlackElo "2135"]
[BlackTeam "SV Oberursel"]
[EventDate "2019.??.??"]
[PlyCount "38"]
[WhiteElo "1985"]
[WhiteTeam "SC Bad Königshofen"]

1. d4 d5 2. Nf3 Nf6 3. e3 e6 4. Bd3 c5 5. b3 Be7 6. O-O O-O 7. Nbd2 b6 8. Qe2
Nc6 9. a3 Bb7 10. Bb2 Qc7 11. Ne5 Nxe5 12. dxe5 Ne4 13. Bxe4 dxe4 14. Qg4 Qc6
15. Nc4 Ba6 16. Rfd1 Bxc4 17. bxc4 g6 18. f3 exf3 19. Qxf3 Qxf3  1/2-1/2

[Event "31. DSenEM2019 Gruppe 65+"]
[Site "Radebeul"]
[Date "2019.05.01"]
[Round "6.24"]
[White "Lenk, Wolfgang"]
[Black "Biller, Helmut"]
[Result "1/2-1/2"]
[BlackElo "2010"]
[BlackTeam "SF Frankfurt"]
[EventDate "2019.??.??"]
[PlyCount "36"]
[WhiteElo "2134"]
[WhiteTeam "USV TU Dresden"]

1. e4 e5 2. Nf3 Nc6 3. Bb5 a6 4. Ba4 Nf6 5. O-O Be7 6. Re1 b5 7. Bb3 d6 8. c3
O-O 9. h3 Nb8 10. d4 Nbd7 11. Nbd2 Bb7 12. Bc2 Re8 13. Nf1 Bf8 14. Ng3 g6 15.
dxe5 dxe5 16. Be3 h6 17. Qd2 Kh7 18. Rad1 Qe7  1/2-1/2

[Event "31. DSenEM2019 Gruppe 65+"]
[Site "Radebeul"]
[Date "2019.05.01"]
[Round "6.25"]
[White "Zimmermann, Manfred"]
[Black "Essegern, Kurt"]
[Result "0-1"]
[BlackElo "2116"]
[BlackTeam "Bad Salzungen"]
[EventDate "2019.??.??"]
[PlyCount "90"]
[WhiteElo "1968"]
[WhiteTeam "Kieler SG"]

1. d4 Nf6 2. Nf3 d5 3. e3 e6 4. Bd3 c5 5. b3 Nc6 6. O-O cxd4 7. exd4 Bd6 8. Bb2
O-O 9. a3 Ne4 10. Nbd2 f5 11. c4 g5 12. Ne5 Qf6 13. Nxc6 Nxd2 14. Qxd2 bxc6 15.
c5 Bc7 16. f3 Qh6 17. g3 f4 18. g4 Bd7 19. Bc3 Qg7 20. Rfe1 Rae8 21. Qb2 Rf6
22. Bf1 h5 23. h3 Rh6 24. Re2 Kf7 25. Bg2 hxg4 26. hxg4 Qh7 27. Qb1 Qh8 28. Qd3
Rh2 29. Kf1 Qh4 30. Rf2 e5 31. dxe5 Bxe5 32. Bxe5 Rxe5 33. Re2 Rxe2 34. Qxe2
Rh1+ 35. Bxh1 Qxh1+ 36. Kf2 Qxa1 37. Qc2 Qd4+ 38. Kg2 a5 39. Qh7+ Qg7 40. Qxg7+
Kxg7 41. Kf2 Kf6 42. Ke2 Ke5 43. Kd3 Bc8 44. Kc3 d4+ 45. Kd2 Kd5  0-1

[Event "31. DSenEM2019 Gruppe 65+"]
[Site "Radebeul"]
[Date "2019.05.01"]
[Round "6.26"]
[White "Leiber, Bernard"]
[Black "Kahn, Peter"]
[Result "1-0"]
[Annotator "lenovo"]
[BlackElo "1994"]
[BlackTeam "Siebenlehner SV"]
[EventDate "2019.??.??"]
[PlyCount "127"]
[WhiteElo "2110"]
[WhiteTeam "SV Osnabrück"]

1. Nf3 d5 2. d4 Nf6 3. c4 c6 4. Nc3 e6 5. Bg5 Nbd7 6. e3 Qa5 7. Nd2 Bb4 8. Qc2
O-O 9. Bf4 Ne4 10. Ndxe4 dxe4 11. Be2 e5 12. dxe5 Nxe5 13. O-O Bxc3 14. Qxc3
Qxc3 15. bxc3 Ng6 16. Bd6 Rd8 17. Rfd1 Be6 18. a4 Rd7 19. a5 Rad8 20. c5 a6 21.
Rd4 f5 22. Rb1 Rf7 23. g3 Bd5 24. h4 Nf8 25. Rb2 g6 26. Rdb4 Rdd7 27. Kf1 h5
28. Ke1 Nh7 29. Rd4 Nf6 30. Rbd2 Ng4 31. Bf4 Kg7 32. c4 Be6 33. Rd6 Kf6 34. f3
exf3 35. Bxf3 Rxd6 36. cxd6 Rd7 37. c5 Ne5 38. Bg5+ Kf7 39. Be2 Nc4 { (  =  )} 
40. Bxc4 Bxc4 41. Rd4 Bd5 42. Kd2 Ke6 43. Be7 Ke5 44. Kc3 Bg2 45. Bg5 Ke6 46.
Rd2 Bd5 47. Kd4 Be4 48. Rf2 Rf7 49. Be7 Bd5 50. Rb2 Bf3 51. Rxb7 Be2 52. Rb8
Rg7 53. Rf8 Bb5 54. Rf6+ Kd7 55. Ke5 Bc4 56. Rf8 Rg8 57. Rxg8 Bxg8 58. Kf6 Be6
59. Kxg6 Ke8 60. Kxh5 Kf7 61. Kg5 Kg7 62. Bf6+ Kh7 63. Be5 Bc8 64. Kf6  1-0

[Event "31. DSenEM2019 Gruppe 65+"]
[Site "Radebeul"]
[Date "2019.05.01"]
[Round "6.27"]
[White "Fleischer, Matthias"]
[Black "Jacob, Helmut"]
[Result "0-1"]
[BlackElo "2107"]
[BlackTeam "SK Ochtrup"]
[EventDate "2019.??.??"]
[PlyCount "132"]
[WhiteElo "1923"]
[WhiteTeam "SV Einheit Schwerin"]

1. d4 f5 2. c4 Nf6 3. Nc3 e6 4. Bg5 d6 5. e3 Be7 6. Bxf6 Bxf6 7. Nf3 O-O 8. Be2
Qe8 9. O-O Kh8 10. Qc2 e5 11. dxe5 dxe5 12. Nd5 Bd8 13. Rad1 e4 14. Nd2 c6 15.
Nf4 Qe5 16. g3 a5 17. a3 Na6 18. Nb3 a4 19. Nd4 Nc5 20. b4 axb3 21. Nxb3 Rxa3
22. Nxc5 Qxc5 23. Ra1 Bf6 24. Rxa3 Qxa3 25. Rd1 Qc5 26. Nh5 Be5 27. Nf4 b5 28.
Qa2 b4 29. h4 g6 30. Kg2 Kg7 31. Qa4 Kh6 32. Rb1 Bc3 33. Qa8 Re8 34. Qb8 Qe5
35. Qb6 Bd7 36. Qa7 Re7 37. Qb6 Be8 38. Qd8 Qc7 39. Qa8 Kg7 40. g4 fxg4 41.
Bxg4 Bf7 42. Be2 Qb7 43. Qa5 Re5 44. Qd8 Qe7 45. Qxe7 Rxe7 46. Kh3 Rb7 47. Bf1
c5 48. Nd5 Be6+ 49. Kg3 Be5+ 50. f4 exf3+ 51. Kxf3 Rf7+ 52. Nf4 h6 53. Bd3 Bxf4
54. exf4 Rd7 55. Rb3 Rd4 56. Bb1 Rxc4 57. Re3 Rc3 58. h5 Rxe3+ 59. Kxe3 gxh5
60. Be4 Kf6 61. Kd2 Bf5 62. Bd5 h4 63. Kc1 h3 64. Kb2 Bg4 65. Be4 Be2 66. Kb3
Bf1  0-1